| 000 | 00929nam a2200253Ia 4500 | ||
|---|---|---|---|
| 003 | OSt | ||
| 005 | 20220426091648.0 | ||
| 008 | 210210b1988 xxu||||| |||| 00| 0 eng d | ||
| 020 | _a0140112219 | ||
| 040 | _cAloy | ||
| 082 |
_a820.301 _223 _bRAYA |
||
| 100 |
_aSatyajit Ray _931757 |
||
| 245 | _aAdventures of Feluda | ||
| 260 |
_aN D _bPenguin Books _c1988 |
||
| 300 |
_a267p. _bPB _c20x13 cm |
||
| 520 | _aFour novellas of crime and suspense featuring Feluda, the brilliant Bengali private investigator. Contents The Golden Fortress The Buccaneer of Bombay (The Bandits of Bombay) Mystery at Golok Lodge (A Mysterious Tenant) Trouble in the Graveyard (The Secret of the Cemetery) | ||
| 650 |
_aStories _931758 |
||
| 650 |
_aEnglish Literature _931762 |
||
| 690 |
_aIndian English Fiction _931759 |
||
| 700 |
_aRAY (Satyajit) _931760 |
||
| 700 |
_aBANERJI (Chitrita) Tr _931761 |
||
| 906 | _a041931 | ||
| 942 |
_2ddc _cBK |
||
| 999 |
_c91810 _d91810 |
||